000 00537nam a22002051c 4500
001 0001141538x
008 051003s1986 gw |||| 000u ger d
020 _a3806110468
_93-8061-1046-8
041 _ager
100 1 _aKlüver, Max
245 0 0 _aPräventivschlag 1941 :
_bzur Vorgeschichte d. Rußland-Feldzuges
264 _aLeoni am Starnberger See :
_bDruffel,
_c1986
300 _a336 S.
648 0 _a1941-1945
651 0 _aDeutschland
651 0 _aSowjetunion
942 _cMG
040 _cRU-10907106
003 RU-10907106
999 _c2733
_d2733